| 000 | 00726nam a2200229Ia 4500 | ||
|---|---|---|---|
| 003 | GCL | ||
| 008 | 140319s9999 xx 000 0 ara d | ||
| 040 |
_aGCL / _cGCL |
||
| 082 | 0 | 4 |
_a372.1 _bع ا |
| 100 | 1 | _aعبدالغنى عبود | |
| 245 | 1 | 0 |
_aادارة المدرسة الابتدائية / _cعبدالغنى عبود |
| 700 | 1 | _aاحمد حجى | |
| 700 | 1 | _aمحمد الصغير | |
| 300 | _a271 ص | ||
| 490 |
_aالهيئة العامة للاستعلامات _v0 |
||
| 650 | 0 | 4 | _aالتعليم |
| 650 | 0 | 4 | _aالتربية |
| 650 | 0 | 4 | _aالادارة المدرسية |
| 650 | 0 | 4 | _aالمدرسة الابتدائية |
| 650 | 0 | 4 | _aادارة المنظمات التعليمية |
| 942 |
_2ddc _cBK |
||
| 999 |
_c51670 _d51670 |
||